000 00789nam a2200217Ii 4500
003 JO-AjNU
008 230605s9999||||xx |||||||||||||| ||und||
020 _a978-9957-763-33-9
040 _aJO-AjNU
_bara
_erda
_cJO-AjNU
041 _aara
050 1 4 _aDS38.6.S357.2019
100 3 _aالسامرائي، فراس سليم الحسني,
_eauthor
_960732
245 0 0 _aتاريخ الامارات الاسلامية بالمشرق الاسلامي
250 _aط1
264 3 1 _aعمان: دار الرضوان للنشر والتوزيع، 2019
300 _a224ص
336 _atext
_btxt
_2rdacontent
337 _aunmediated
_bn
_2rdamedia
338 _avolume
_bnc
_2rdacarrier
650 4 _aالامارات الاسلامية- المشرق الاسلامي- تاريخ
_960733
999 _aA27402
_c30970
_d30970